000
00328nam a2200133Ia 4500
008
220216s9999 xx 000 0 und d
245
0
_a
Kuala Lumpur rubber road trials
260
_b
Rubber Developments
_c
1949
300
_a
8-Jul
650
_a
Kuala Lumpur
650
_a
Road trials
650
_a
Rubberised road
942
_c
JS
999
_c
61893
_d
61893